| 000 -LEADER |
| fixed length control field |
00347nam a22000977a 4500 |
| 008 - FIXED-LENGTH DATA ELEMENTS--GENERAL INFORMATION |
| fixed length control field |
160603b xxu||||| |||| 00| 0 eng d |
| 100 ## - MAIN ENTRY--AUTHOR'S NAME |
| Author's Name |
Schonweiss, W. |
| 245 ## - TITLE STATEMENT |
| Title |
Katalog der deutschvolkischen Bundesmarken bis 1914 |
| 260 ## - PUBLICATION, DISTRIBUTION, ETC. (IMPRINT) |
| Place of publication, distribution, etc. |
Icking, Germany |
| Name of publisher, distributor, etc. |
OTA-Verlag |
| Date of publication, distribution, etc. |
1983 |
| 650 ## - TOPICAL TERM (Tag) |
| Topical term or geographic name |
Germany | Cinderella Material | Seals and Labels | Catalogs and Price Lists |